000
00307nam a2200109Ia 4500
008
201216s9999 xx 000 0 und d
100
_a
Jahoda, Marie
245
0
_a
Employment and unemployment : A social-psychological analysis
260
_a
Cambridge
_b
Cambridge University Press
300
_a
112
942
_c
BK
999
_c
6594
_d
6594